| 000 | 00693nam a2200241 a 4500 | ||
|---|---|---|---|
| 001 | 68402 | ||
| 003 | BD-RjUL | ||
| 005 | 20211209081752.0 | ||
| 008 | 170402r19961994enk||||| |||| 00| 0 eng d | ||
| 020 | _a0415110904 : | ||
| 035 | _a(BD-RjUL)68612 | ||
| 040 |
_aBD-RjUL _beng _cBD-RjUL _dBD-RjUL |
||
| 041 | _aeng | ||
| 082 |
_223 _a808.02 _bBER 1996 |
||
| 100 |
_aBerry, Ralph _9202787 |
||
| 245 |
_aThe research project : _bhow to write it / _cRalph Berry |
||
| 250 | _a3rd ed. | ||
| 260 |
_aLondon : _bRoutledge, _c1994 [Reprinted 1996]. |
||
| 300 |
_a116 p. ; _c24 cm. |
||
| 650 |
_aAuthorship techniques _9202788 |
||
| 650 |
_aTheses and academic writings. _9202789 |
||
| 942 |
_2ddc _cBK |
||
| 999 |
_c68402 _d68402 |
||